000 00384nam a2200133Ia 4500
008 220216s9999 xx 000 0 und d
100 _aSchallamach A
245 0 _aRecent advances in knowledge of rubber friction and wear (1968 reviews)
260 _bRubber Chemistry and Technology
_c1968
300 _a209-244
650 _a1968 reviews
650 _aRubber friction
942 _cJS
999 _c66404
_d66404